000 01265nam a2200325 c 4500
003 BLK
005 20180422094041.0
008 180412b bul|||||r ||||||| ||bul||
010 _aKNG00010795000
020 _a954-434-033-5
_bиздат.: Калем-90 - на том(ч. 1)
040 _aBLK
041 _aBUL
_cBUL
080 _aНемска литература
_b821.112.2
_x-93-31
_z821.112.2-93-31
100 1 _aМай, Карл
_eпърви автор
_9241916
700 1 _aСпасов, Любомир
_eпрев. от нем.
_9363570
139 _aМай, Карл
_bМ 16
245 1 0 _aСкиптър и чук
_bРоман : В 2 ч.
_cКарл Май; прев. от нем. Любомир Спасов.
_nЧ. 1
_pЧерния капитан
257 _aDEU
260 Пловдив
_c1995
300 _c20 см
380 _aDX
500 _aОриг. загл. Zepter und Hammer / Karl May. - Офс. изд.
653 _aромани
760 1 _3- на том(ч. 1)
_aМай, Карл
_dКалем-90, 1995
_h191 с.
_n3 500 тир.
_tЧ. 1 Черния капитан
852 _aЦб 185641
856 4 _qpdf
_u
856 4 _qpdf
_u
942 _cKNG
_n0
944 _aCR
_c15.01.2003
_lф /
_kЛюдмила_Стоянова
944 _aED
_c20.04.2010
_lф /
_k
999 _c9382
_d9382